Si j'étais roi!... : (Record no. 110534)

MARC details
000 -LEADER
campo de control de longitud fija 00675nam a22002055i 4500
001 - NÚMERO DE CONTROL
campo de control 110534
003 - IDENTIFICADOR DE NÚMERO DE CONTROL
campo de control ES-MaACL
005 - FECHA Y HORA DE LA ÚLTIMA TRANSACCIÓN
campo de control 20230906185057.0
007 - CAMPO FIJO DE DESCRIPCIÓN FÍSICA--INFORMACIÓN GENERAL
campo de control de longitud fija t|
008 - DATOS DE LONGITUD FIJA--INFORMACIÓN GENERAL
campo de control de longitud fija 070129q1852 fr ||||1| fre d
080 ## - NÚMERO DE LA CLASIFICACIÓN DECIMAL UNIVERSAL
Número de la Clasificación Decimal Universal 821.133.1-2"18"
100 1# - ENTRADA PRINCIPAL--NOMBRE DE PERSONA
Nombre de persona Ennery, Adolphe d'.
9 (RLIN) 47251
245 10 - MENCIÓN DEL TÍTULO
Título Si j'étais roi!... :
Resto del título opéra comique en trois actes, quatre tableaux /
Mención de responsabilidad, etc. Dennery et Brésil ; musique de Adolphe Adam.
250 ## - MENCION DE EDICION
Mención de edición Nouevelle éd.
260 ## - PUBLICACIÓN, DISTRIBUCIÓN, ETC.
Lugar de publicación, distribución, etc. Paris :
Nombre del editor, distribuidor, etc. Calmann-Lévy,
Fecha de publicación, distribución, etc. [ca. 1852]
300 ## - DESCRIPCIÓN FÍSICA
Extensión 83 p. ;
Dimensiones 18 cm.
700 1# - ENTRADA AGREGADA--NOMBRE PERSONAL
Nombre de persona Brésil, Jules.
9 (RLIN) 31606
700 1# - ENTRADA AGREGADA--NOMBRE PERSONAL
Nombre de persona Adam, Adolphe.
9 (RLIN) 137578
852 4# - LOCALIZACIÓN
Ubicación ES-MaACL
Número de control de estantería E-11571
Nota libre Biblioteca Jacinto Martínez Lacalle
Holdings
Estatus retirado Estado de pérdida Estado de daño No para préstamo Colección Biblioteca de origen Biblioteca actual Ubicación en estantería Fecha de adquisición Fuente de adquisición Total de préstamos Signatura topográfica completa Código de barras Visto por última vez Precio de reemplazo Tipo de ítem Koha
        Libros del s. XIX Biblioteca del Ateneo de Madrid Biblioteca del Ateneo de Madrid Depósito 2 17/01/2008     E-11571 1115328 23/02/2023 23/02/2023 Libro impreso antiguo